1025 1319 1862 1773 1244 1626 1577 1992 1673 1353 1965 1134 1497 1078 1500 1324 1039 1129 1062 1434 1965 1082 1816 1124 2000 1056 1890 1952 1780 1623 1426 1806 1590 1366 1838 1959 1861 1342 1114 1164 1945 1077 1411 1221 1059 1471 1792 1951 1211 1033 1117 1851 1032 1654 1660 1261 1038 1438 1368 1641 1504 1914 1388 1677 1182 1648 1703 1277 1691 1883 1750 1956 1482 1239 1053 1278 1992 1853 1056 1979 1241 1538 1125 1679 1748 1167 1705 1286 1516 1036 1405 1126 1506 1776 1509 1801 1381 1694 1155 BCNSPRNW ULIB Ver.6.0+V

เปลี่ยนเป็นภาษาไทย

Change to English
 แสดงรายละเอียดบรรณานุกรม
  กลับหน้าหลัก

Brief Record : Get Marc (ISO 2709) : E-mail record : QR code < ปิดหน้าต่าง
LEADER : 00000nam 2200000uu 4500
001    13399120335
003     ULIB
008    120918s2548||||th 000 0 tha d
020    ^a9749368517
060  4 ^aWY157^bว335ก 2548
100 0  ^aวรุณวรรณ ผาโคตร
245 00 ^aการพยาบาลสูติศาสตร์=^bObstetrics Nursing/^cวรุณวรรณ ผาโคตร,บรรณาธิการ
246 0  ^aObstetrics Nursing
250    ^aพิมพ์ครั้งที่ 2
260    ^aกรุงเทพฯ:^bศูนย์หนังสือจุฬาลงกรณ์มหาวิทยาลัย,^c2548
300    ^a198 หน้า:^bภาพประกอบ
650  7 ^aสูติศาสตร์
650  7 ^aการผดุงครรภ์
700 0  ^aสิรินาถ นุชนาถ,^eผู้แต่งร่วม
945    ^p199^l0^i14093
945    ^p199^l0^i14092
995    ^aวิภา
999 ^a ใช้งานได้ทุกระบบ
รายการนี้ยังไม่มีแท็ก
คุณยังไม่ได้ล็อกอิน คุณสามารถมีกิจกรรมร่วมกับเว็บไซต์ได้ แต่ต้องล็อกอินก่อน ::
  ล็อกอิน

รายการสื่อสารสนเทศ

ลำดับที่ ประเภท เลขเรียก/บาร์โค้ด สถานที่ สถานะ
1. Book การพยาบาล
Book การพยาบาล
สถานะ=หนังสือเก่า
WY157 ว335ก 2548  
  Barcode: 14093
ห้องสมุดวิทยาเขตนครสวรรค์
►หนังสือทั่วไป:l:General Books
บนชั้น
2. Book การพยาบาล
Book การพยาบาล
สถานะ=หนังสือเก่า
WY157 ว335ก 2548 ฉ.2 
  Barcode: 14092
ห้องสมุดวิทยาเขตนครสวรรค์
►หนังสือทั่วไป:l:General Books
บนชั้น

รายการใกล้เคียง
    ผู้แต่ง [วรุณวรรณ ผาโคตร]

    หัวเรื่อง [สูติศาสตร์]
    หัวเรื่อง [การผดุงครรภ์]

BibComment


ยังไม่เคยถูกคอมเมนท์

คอมเมนท์ทรัพยากรรายการนี้
  คอมเมนท์: การพยาบาลสูติศาส..


 Copyright 2026. Bcnsprnw @Library